Les gâteaux de nos régions - Statistiques

Statistiques générales
  • Ce quiz a été pris 36 fois
  • Le résultat moyen est 2 sur 18
Statistiques - réponses
Régions Gâteaux % Correct
Bretagne Kouign-amann
70%
Nouvelle-Aquitaine Cannelé
43%
Provence-Alpes-Côte d'Azur Tarte tropézienne
30%
île-de-France Opéra
17%
Centre-Val de Loire Pithiviers
13%
Hauts-de-France Gaufre
10%
Corse Le fiadone
10%
Auvergne-Rhône-Alpes Tarte aux pralines
7%
Normandie Tarte normande
7%
Occitanie Crême catalane
3%
La Réunion Gâteau patate
3%
Bourgogne-Franche-Comté Pain d'épices
3%
Guyane Dizé milé
0%
Pays de la Loire Fion vendéen
0%
Grand Est Kougelhopf
0%
Mayotte Makarara
0%
Martinique Mont blanc au coco
0%
Guadeloupe Tourment d'amour
0%
Aucun quiz correspondant
Distribution des résultats
% des personnes avec chaque résultat
Percentile par nombre de réponses
Votre historique - résultats
Vous n’avez pas pris ce quiz